00759 2200277 4500001002100000005001500021035002000036007000300056008004100059020002200100082000800122084001200130245010900142250001000251260004100261300002500302650001700327700001400344711005700358990001100415990001100426990001100437990001100448990001100459990001100470INLIS00000000000754720210322084558 a0010-0321000917ta210322 g 0 ind  a978-602-478-916-9 a920 a920 MER aMerdeka, Berkarya, dan Berbagi /cAlumni Kelas Sugusabu Angkatan I Kota Pangkalpinang; editor, Istiqomah acet.1 aSurabaya :bPustaka MediaGuru,c2018 aiv, 84 hlm ;c20 cm. 4aAUTOBIOGRAFI0 aISTIQOMAH0 aALUMNI, Kelas Sugusabu Angkatan I Kota Pangkalpinang a8027 a a8027 b a8027 b a8027 a a8027 a a8027 b